000 00709nam a2200217 a 4500
005 20140310183342.0
008 070115s19uu xx 00 eng d
020 _a1-904705-27-8
050 _aTA 1637
_b.D574 2004
245 _aThe digital designer's bible :
_bthe ultimate route map to stress-free best working practice for print and web designers /
260 _aUnited Kingdom :
_bThe Illex Press Limited,
_c2004.
300 _a256 p. :
_bcol. ill. ;
_c33 cm.
521 _aMA
650 _aImage processing
_xDigital technique.
650 _aGraphic arts.
650 _aDigital printing.
650 _aWeb sites
_xDesign.
650 _aComputer drawing.
942 _cBK
_2lcc
_kFOR
999 _c21840
_d21840